| 000 | 01179cam a2200325 a 4500 | ||
|---|---|---|---|
| 001 | 3830 | ||
| 003 | BD-RjUL | ||
| 005 | 20211208233805.0 | ||
| 008 | 131221s1987 cau b 001 0 eng | ||
| 020 | _a0936488158 (pbk. : alk. paper) | ||
| 020 | _a0813305195 (Westview : hard : alk. paper) | ||
| 035 | _a(BD-RjUL)3864 | ||
| 040 |
_aDLC _cDLC _dDLC _dBD-RjUL _beng |
||
| 041 | _aeng | ||
| 082 | 0 | 0 |
_a338.951 _219 _bRAN 1987 |
| 100 | 1 |
_aRabushka, Alvin. _912193 |
|
| 245 | 1 | 4 |
_aThe new China : _bcomparative economic development in Mainland China, Taiwan, and Hong Kong / _cAlvin Rabushka. |
| 260 |
_aSan Francisco : _bPacific Research Institute for Public Policy ; _aBoulder, Colo. : _bWestview Press, _c1987. |
||
| 300 |
_axii, 254 p. ; _c23 cm. |
||
| 500 | _a"Ching chi fa chan"--Cover. | ||
| 500 | _aIncludes index. | ||
| 504 | _aBibliography: p. 233-242. | ||
| 651 | 0 |
_aChina _xEconomic policy _y1976-2000. _912194 |
|
| 651 | 0 |
_aTaiwan _xEconomic policy _y1975- _912195 |
|
| 651 | 0 |
_aHong Kong (China) _xEconomic policy. _912196 |
|
| 710 | 2 |
_aPacific Research Institute for Public Policy. _912197 |
|
| 942 |
_2ddc _cBK |
||
| 999 |
_c3830 _d3830 |
||